Películas de Disney por emojis #1 - Estadísticas

Estadísticas generales
  • Esta prueba ha sido intentada 977 veces
  • La puntuación promedio es 12 de 16
Estadísticas de respuestas
Emojis Película % Correcto
🔍🐠🇦🇺 Buscando a Nemo
99%
👑🦁🦁 El Rey León
99%
👘🗡️🇨🇳 Mulan
94%
🌏🌊👩🏽 Moana
91%
🐘🪽🐭 Dumbo
89%
🏺💪🏻⚡️ Hércules
89%
👩🏻🌹👹 La Bella y la Bestia
89%
🐭🧑🏻‍🍳🥘 Ratatouille
88%
👠🐭🎃 Cenicienta
85%
🐰🦊🏙️ Zootopia
77%
👧🏻👽🏝️ Lilo y Stitch
67%
🐥🛸⬇️ Chicken Little
59%
👑🐸🥘 La Princesa y el Sapo
54%
👩🏻🐉🫱🏻‍🫲🏼 Raya y el Último Dragón
42%
🐄🤠👩🏼‍🌾 Vacas vaqueras
32%
👮🏻🐭🇬🇧 Policías y Ratones
12%
No se encontraron pruebas coincidentes
Distribución de puntuación
Porcentaje de gente con cada puntuación
Porcentaje por número respondido
Historial de tus puntuaciones
No has intentado esta prueba.